Cultivos enarenados de hortalizas extratempranas / (Record no. 133384)

MARC details
000 -LEADER
campo de control de longitud fija 00642nam a2200181 4500
001 - NÚMERO DE CONTROL
campo de control 133384
003 - IDENTIFICADOR DE NÚMERO DE CONTROL
campo de control ES-MaACL
005 - FECHA Y HORA DE LA ÚLTIMA TRANSACCIÓN
campo de control 20230906194407.0
007 - CAMPO FIJO DE DESCRIPCIÓN FÍSICA--INFORMACIÓN GENERAL
campo de control de longitud fija t|
008 - DATOS DE LONGITUD FIJA--INFORMACIÓN GENERAL
campo de control de longitud fija 070214s1965 sp r ||||1| spa d
100 1# - ENTRADA PRINCIPAL--NOMBRE DE PERSONA
Nombre de persona Rueda Cassinello, Francisco.
9 (RLIN) 100519
245 10 - MENCIÓN DEL TÍTULO
Título Cultivos enarenados de hortalizas extratempranas /
Mención de responsabilidad, etc. por Francisco Rueda Cassinello y José María Rueda Cassinello ; prólogo de Francisco Rueda Ferrer.
260 ## - PUBLICACIÓN, DISTRIBUCIÓN, ETC.
Lugar de publicación, distribución, etc. Madrid :
Nombre del editor, distribuidor, etc. Mundi,
Fecha de publicación, distribución, etc. 1965.
300 ## - DESCRIPCIÓN FÍSICA
Extensión 150 p. ;
Dimensiones 22 cm.
700 1# - ENTRADA AGREGADA--NOMBRE PERSONAL
Nombre de persona Rueda Cassinello, José María.
9 (RLIN) 100520
700 1# - ENTRADA AGREGADA--NOMBRE PERSONAL
Nombre de persona Rueda Ferrer, Francisco.
9 (RLIN) 100523
852 ## - LOCALIZACIÓN
Ubicación ES-MaACL
Número de control de estantería C-28105
Sublocalización o colección R.57550
Holdings
Estatus retirado Estado de pérdida Estado de daño No para préstamo Biblioteca de origen Biblioteca actual Ubicación en estantería Fecha de adquisición Fuente de adquisición Total de préstamos Signatura topográfica completa Código de barras Visto por última vez Precio de reemplazo Tipo de ítem Koha
        Biblioteca del Ateneo de Madrid Biblioteca del Ateneo de Madrid Depósito 2 17/01/2008     C-28105 1138859 23/02/2023 23/02/2023 Libro impreso